Liste des personnages des Mario Golf - Statistiques

Statistiques générales
  • Ce quiz a été pris 53 fois
    46 depuis la dernière actualisation
  • Le résultat moyen est 74 sur 99
Statistiques - réponses
Jeux Personnages % Correct
Golf Mario
100%
NES Open Tournament Golf Mario
100%
Mario Golf (N64) Mario
100%
Mario Golf (GBC) Mario
100%
Mobile Golf Mario
100%
Mario Golf: Toadstool Tour Mario
100%
Mario Golf: Advance Tour Mario
100%
Mario Golf: World Tour Mario
100%
Mario Sports Superstars Mario
100%
Mario Golf: Super Rush Mario
100%
NES Open Tournament Golf Luigi
97%
Mario Golf (N64) Luigi
97%
Mario Golf (GBC) Luigi
97%
Mario Golf: Toadstool Tour Luigi
97%
Mario Golf: Advance Tour Luigi
97%
Mario Golf: World Tour Luigi
97%
Mario Sports Superstars Luigi
97%
Mario Golf: Super Rush Luigi
97%
Mario Golf (N64) Peach
93%
Mobile Golf Peach
93%
Mario Golf: Toadstool Tour Peach
93%
Mario Golf: Advance Tour Peach
93%
Mario Golf: World Tour Peach
93%
Mario Sports Superstars Peach
93%
Mario Golf: Super Rush Peach
93%
Mario Golf (N64) Bowser
90%
Mario Golf: Toadstool Tour Bowser
90%
Mario Golf: Advance Tour Bowser
90%
Mario Golf: World Tour Bowser
90%
Mario Sports Superstars Bowser
90%
Mario Golf: Super Rush Bowser
90%
Mario Golf: Toadstool Tour Waluigi
90%
Mario Golf: Advance Tour Waluigi
90%
Mario Golf: World Tour Waluigi
90%
Mario Sports Superstars Waluigi
90%
Mario Golf: Super Rush Waluigi
90%
Mario Golf (N64) Wario
90%
Mario Golf (GBC) Wario
90%
Mario Golf: Toadstool Tour Wario
90%
Mario Golf: Advance Tour Wario
90%
Mario Golf: World Tour Wario
90%
Mario Sports Superstars Wario
90%
Mario Golf: Super Rush Wario
90%
Mario Golf (N64) Yoshi
90%
Mobile Golf Yoshi
90%
Mario Golf: Toadstool Tour Yoshi
90%
Mario Golf: Advance Tour Yoshi
90%
Mario Golf: World Tour Yoshi
90%
Mario Sports Superstars Yoshi
90%
Mario Golf: Super Rush Yoshi
90%
Mario Golf: Toadstool Tour Daisy
86%
Mario Golf: World Tour Daisy
86%
Mario Sports Superstars Daisy
86%
Mario Golf: Super Rush Daisy
86%
Mario Golf (N64) Donkey Kong
79%
Mario Golf: Toadstool Tour Donkey Kong
79%
Mario Golf: Advance Tour Donkey Kong
79%
Mario Golf: World Tour Donkey Kong
79%
Mario Sports Superstars Donkey Kong
79%
Mario Golf: Super Rush Donkey Kong
79%
Mario Golf: World Tour Toad
79%
Mario Golf: Super Rush Toad
79%
Mario Golf: Toadstool Tour Bowser Jr.
76%
Mario Golf: World Tour Bowser Jr.
76%
Mario Sports Superstars Bowser Jr.
76%
Mario Golf: Super Rush Bowser Jr.
76%
Mario Golf: Toadstool Tour Diddy Kong
69%
Mario Golf: World Tour Diddy Kong
69%
Mario Sports Superstars Diddy Kong
69%
Mario Golf: Toadstool Tour Koopa
69%
Mario Golf: Toadstool Tour Boo
66%
Mario Golf: World Tour Boo
66%
Mario Sports Superstars Boo
66%
Mario Golf: Super Rush Boo
66%
Mario Golf: World Tour Toadette
66%
Mario Golf: Toadstool Tour Birdo
55%
Mario Golf: World Tour Birdo
55%
Mario Sports Superstars Birdo
55%
Mario Golf: World Tour Harmonie
55%
Mario Sports Superstars Harmonie
55%
Mario Golf: Super Rush Harmonie
55%
Mario Golf (N64) Bébé Mario
45%
Mario Sports Superstars Bébé Mario
45%
Mario Golf: Super Rush Pauline
45%
Mario Sports Superstars Bébé Luigi
41%
Mario Golf: World Tour Kamek
34%
Mario Golf: Super Rush Roi Bob-Omb
31%
Mario Golf (N64) Métal Mario
28%
Mario Sports Superstars Métal Mario
28%
Mario Golf: World Tour Mii
28%
Mario Golf: Super Rush Mii
28%
Mario Golf: World Tour Paratroopa
28%
Mario Golf: Toadstool Tour Flora Piranha
24%
Mobile Golf Spike
24%
Mario Sports Superstars Peach d'or Rose
17%
Mario Golf: World Tour Mario d'or
14%
Mario Golf: Toadstool Tour Antimario
10%
Mario Golf: World Tour Carottin
10%
Mario Golf: Super Rush Bill Dozer
7%
Aucun quiz correspondant
Distribution des résultats
% des personnes avec chaque résultat
Percentile par nombre de réponses
Votre historique - résultats
Vous n’avez pas pris ce quiz depuis la dernière actualisation